ბათუმის შოთა რუსთაველის სახელმწიფო უნივერსიტეტის ბიბლიოთეკა

Избранные сочиненият.т.1. Работы по почвоведению(1898-1931).Основы почвоведения (ბიბ.ჩანაწერი № 46292)

000 -LEADER
fixed length control field 00640nam a2200205Ia 4500
001 - CONTROL NUMBER
control field 13128
003 - CONTROL NUMBER IDENTIFIER
control field GE_BSU
008 - FIXED-LENGTH DATA ELEMENTS--GENERAL INFORMATION
fixed length control field 181216s||||||||xx |||||||||||||| ||und||
040 ## - CATALOGING SOURCE
Transcribing agency GE_BSU
080 ## - UNIVERSAL DECIMAL CLASSIFICATION NUMBER
Universal Decimal Classification number 631.4
100 ## - MAIN ENTRY--PERSONAL NAME
Personal name Вильямс,В.Р.
245 ## - TITLE STATEMENT
Title Избранные сочиненият.т.1. Работы по почвоведению(1898-1931).Основы почвоведения
260 ## - PUBLICATION, DISTRIBUTION, ETC.
Place of publication, distribution, etc. Москва
260 ## - PUBLICATION, DISTRIBUTION, ETC.
Name of publisher, distributor, etc. Изд-во АНСССР
260 ## - PUBLICATION, DISTRIBUTION, ETC.
Date of publication, distribution, etc. 1950
300 ## - PHYSICAL DESCRIPTION
Extent 790стр.22см.фото
653 ## - INDEX TERM--UNCONTROLLED
Uncontrolled term Основы почвоведения
653 ## - INDEX TERM--UNCONTROLLED
Uncontrolled term Собрание сочинении
942 ## - ADDED ENTRY ELEMENTS (KOHA)
Koha item type წიგნი
ეგზემპლარები
Withdrawn status Lost status Damaged status Not for loan Date acquired Barcode Date last seen Price effective from Koha item type
        2018-12-17 21073 2018-12-17 2018-12-17 წიგნი